000 01229nam a2200301 a 4500
001 000003530
003 DO-SdBNP
005 20260408193042.0
008 090710s2004 dr ac 000 0 spa d
020 _a9993423807
040 _aDO-SdBNP
_bspa
_cBNPHU
082 _a355.0337293
_bC794f
100 1 _aCordero Mejía, Miguel Ángel
_910929
245 1 4 _aLas fuerzas armadas :
_bhistoria y perspectivas /
_cMiguel Ángel Cordero Mejía ; prólogo Danilo P. Clime.
260 _aSanto Domingo :
_bAmigo del Hogar,
_c2004.
300 _a225 p. :
_bil., retrs. ;
_c23 cm.
500 _aLa conversión del gasto de defensa en inversión, nota tomada de la cubierta
500 _aIncluye datos biográficos del autor en las solapas
504 _aIncluye bibliografías (p. 216-221)
504 _aIncluye referencias bibliográficas y notas al pie de las páginas
650 4 _aFuerzas armadas
_xGastos presupuestarios públicos
_910931
650 0 _aDefensa (Ciencia militar)
_910932
650 4 _aReforma de la fuerzas armadas
_910933
651 4 _aRepública Dominicana
_xFuerzas Armadas
_xHistoria
_910930
700 1 _aClimé, Danilo P.
_epról.
_91063
910 _aValidado. Control de calidad MMOLINA
942 _2ddc
_cLBS1
999 _c3356
_d3356